[Event "2. Online Aktivschach WM"]
[Site "Gruppe D / Chessgate"]
[Date "2006.02.05"]
[Round "5.2"]
[White "Diablo 24 Mhz, Novag"]
[Black "Mach IV, Fidelity"]
[Result "0-1"]
[WhiteElo "2073"]
[BlackElo "2177"]
[PlyCount "92"]

1. e4 e5 2. f4 exf4 3. Nf3 g5 4. h4 g4 5. Ng5 h6 6. Nxf7 Kxf7 7. Nc3 f3 8. gxf3
Be7 9. Bc4+ Ke8 10. h5 Nc6 11. f4 d6 12. d4 Bh4+ 13. Ke2 Bd7 14. f5 Bg5 15.
Bxg5 Qxg5 16. Nd5 Kd8 17. c3 Na5 18. Bd3 g3 19. b4 Nc6 20. b5 g2 21. Rh3 Nce7
22. Ne3 Nf6 23. Kf2 Rg8 24. Kg1 d5 25. Qc2 Nxe4 26. Bxe4 dxe4 27. Qxe4 Kc8 28.
Qe5 Nxf5 29. Nd5 Qd8 30. Rf3 Re8 31. Qf6 Nd6 32. Qxd8+ Kxd8 33. Kxg2 Bxb5 34.
Nf6 Re2+ 35. Kg3 Rc2 36. Kf4 Rg2 37. a4 Bc4 38. Re1 Bf7 39. Re5 Nc4 40. Rf5 Be6
41. Rc5 b6 42. Rc6 Nd6 43. d5 Bc8 44. a5 Bb7 45. axb6 Bxc6 46. dxc6 axb6 0-1

[Event "2. Online Aktivschach WM"]
[Site "Gruppe D / Chessgate"]
[Date "2006.02.05"]
[Round "5.3"]
[White "MM V, Mephisto"]
[Black "Genius 68030, Mephisto"]
[Result "1/2-1/2"]
[WhiteElo "1943"]
[BlackElo "2401"]
[PlyCount "81"]

1. c4 e5 2. Nc3 Nf6 3. Nf3 Nc6 4. g3 d5 5. cxd5 Nxd5 6. Bg2 Nb6 7. O-O Be7 8.
a3 O-O 9. b4 Be6 10. b5 Nd4 11. Nxd4 exd4 12. Nb1 Bd5 13. Bb2 Bxg2 14. Kxg2
Qd5+ 15. f3 Nc4 16. Qc1 Rae8 17. a4 Bf6 18. Re1 Nxb2 19. Qxb2 d3 20. Nc3 dxe2
21. Nxd5 Bxb2 22. Rab1 Ba3 23. Nf4 Re7 24. Rxe2 Rd8 25. Kf1 Red7 26. Rb3 Bc5
27. d3 Bd4 28. h4 h6 29. h5 Bf6 30. Rb4 Bg5 31. Rc2 Rc8 32. Ke2 Re8+ 33. Re4
Kf8 34. Kf2 Bf6 35. a5 Re5 36. Rxe5 Bxe5 37. Ke3 Re7 38. Nd5 Rd7 39. Nf4 Re7
40. Nd5 Rd7 41. Nf4 1/2-1/2

[Event "2. Online Aktivschach WM"]
[Site "Gruppe D / Chessgate"]
[Date "2006.02.08"]
[Round "5.4"]
[White "Mythos, Mephisto"]
[Black "Star Ruby, Novag"]
[Result "0-1"]
[WhiteElo "1950"]
[BlackElo "2052"]
[PlyCount "100"]

1. e4 e5 2. Nc3 Nf6 3. Bc4 Nc6 4. d3 Bb4 5. Nf3 d6 6. O-O Bxc3 7. bxc3 O-O 8.
Rb1 Na5 9. Bb3 Nc6 10. Ba4 h6 11. c4 Re8 12. Ba3 Nd7 13. c3 Nf6 14. Qe2 Qd7 15.
Rb3 a6 16. Re1 b6 17. Reb1 Bb7 18. c5 b5 19. R3b2 d5 20. Bc2 dxe4 21. dxe4 Rad8
22. Rd1 Qe6 23. Bd3 Ne7 24. Rb4 Ng6 25. Bc1 Bc6 26. a3 Nd7 27. Be3 Qe7 28. c4
Nxc5 29. Bxc5 Qxc5 30. cxb5 Bxb5 31. Bxb5 Nf4 32. Qe1 axb5 33. Rb3 c6 34. Rd2
Qc4 35. Rxd8 Rxd8 36. Rb4 Qc2 37. Rb1 Nd3 38. Qf1 Ra8 39. Ra1 Ra4 40. h3 Rxe4
41. Ne1 Nxe1 42. Rxe1 Rxe1 43. Qxe1 Qc5 44. Qb4 Qd5 45. Kh1 g6 46. Kg1 Kg7 47.
g3 h5 48. Kh2 Kf6 49. Kg1 Ke6 50. Qf8 Kf5 0-1

[Event "2. Online Aktivschach WM"]
[Site "Gruppe D / Chessgate"]
[Date "2006.02.11"]
[Round "6.1"]
[White "MM V, Mephisto"]
[Black "Diablo 24 Mhz, Novag"]
[Result "0-1"]
[WhiteElo "1943"]
[BlackElo "2073"]
[PlyCount "154"]

1. e4 e5 2. Nf3 d5 3. exd5 e4 4. Qe2 Qe7 5. Nd4 Qe5 6. Qc4 Nd7 7. Nb5 Bc5 8.
N5c3 Ngf6 9. Be2 Qf4 10. O-O Bd6 11. g3 Qf5 12. d3 Nc5 13. dxe4 Nfxe4 14. b4
Nxc3 15. Nxc3 Nd7 16. Bd3 Qf3 17. Re1+ Ne5 18. Qf4 Qh5 19. Bb5+ Kf8 20. Re4 Bg4
21. Rxe5 Bxe5 22. Qd2 Bxc3 23. Qxc3 Qxd5 24. Bb2 f6 25. Bc4 Qf5 26. Bb3 Qd7 27.
Re1 Re8 28. Qc5+ Qd6 29. Rxe8+ Kxe8 30. Qxd6 cxd6 31. c4 Ke7 32. Bd4 b6 33. c5
dxc5 34. bxc5 Rc8 35. cxb6 Bf3 36. Be3 axb6 37. h4 h6 38. Kf1 Kd6 39. Ke1 b5
40. Bf4+ Kc6 41. Kd2 Bd5 42. Kd3 Bxb3 43. axb3 Kc5 44. Kc3 Kd5+ 45. Kb4 Rc2 46.
Kxb5 Rxf2 47. b4 Rb2 48. Bc1 Rb3 49. Bf4 h5 50. Bc7 Rc3 51. Bb8 g6 52. Bf4 Rc6
53. Be3 Rc7 54. Bc5 Rb7+ 55. Ka5 Kc4 56. Ka4 Rd7 57. Ka5 Rd3 58. Be7 f5 59. b5
Rd5 60. Kb6 Rxb5+ 61. Kc6 Ra5 62. Bg5 Ra6+ 63. Kd7 Kd5 64. Ke7 Ra3 65. Bf4 Ke4
66. Kf6 Ra6+ 67. Ke7 Rc6 68. Kd7 Rb6 69. Ke7 Ra6 70. Kd7 Kf3 71. Ke7 g5 72.
hxg5 h4 73. Kf7 Ra7+ 74. Kf6 h3 75. g6 h2 76. g7 Ra8 77. Kf7 h1=Q 0-1

[Event "2. Online Aktivschach WM"]
[Site "Gruppe D / Chessgate"]
[Date "2006.02.11"]
[Round "6.2"]
[White "Star Ruby, Novag"]
[Black "Genius 68030, Mephisto"]
[Result "0-1"]
[WhiteElo "2052"]
[BlackElo "2401"]
[PlyCount "110"]

1. c4 e5 2. Nc3 Nf6 3. Nf3 Nc6 4. g3 d5 5. cxd5 Nxd5 6. Bg2 Nb6 7. O-O Be7 8.
d3 O-O 9. a3 Be6 10. b4 a5 11. b5 Nd4 12. Nd2 c6 13. bxc6 Nxc6 14. Rb1 a4 15.
Nf3 Bb3 16. Qd2 Rc8 17. Bb2 f5 18. Rfc1 Nd7 19. h3 Bc5 20. Qe1 Qb6 21. Nd2 Ra8
22. Nd5 Qd8 23. Nxb3 axb3 24. Nb4 Qb6 25. Bd5+ Kh8 26. Nxc6 bxc6 27. Be6 Ra7
28. Bc3 Rf6 29. Bxb3 Rxa3 30. Bc4 Qa7 31. Bb2 Ra4 32. Bb3 Rb4 33. Rxc5 Rxb3 34.
Rc3 Rb8 35. Ra1 Qb7 36. Bc1 f4 37. Rca3 fxg3 38. fxg3 Qb6+ 39. e3 c5 40. Ra7
Qe6 41. Kh2 e4 42. d4 Rbf8 43. Kg2 Qf7 44. R7a2 Rf1 45. Qe2 cxd4 46. Ba3 Rxa1
47. Rxa1 d3 48. Qf1 Qxf1+ 49. Rxf1 Ra8 50. Bc1 Kg8 51. Rf2 Ne5 52. Bb2 Nc4 53.
Bd4 d2 54. Rf1 Rd8 55. Kh2 Rxd4 0-1

[Event "2. Online Aktivschach WM"]
[Site "Gruppe D / Chessgate"]
[Date "2006.02.12"]
[Round "6.3"]
[White "R30 V2.5, TASC."]
[Black "Mythos, Mephisto"]
[Result "1-0"]
[WhiteElo "2331"]
[BlackElo "1950"]
[PlyCount "57"]

1. Nf3 d5 2. d4 e6 3. c4 c6 4. Nc3 Nf6 5. e3 Nbd7 6. Bd3 Bd6 7. O-O O-O 8. e4
Bb4 9. cxd5 exd5 10. e5 Ne8 11. Ng5 Bxc3 12. Bxh7+ Kh8 13. Bf5 g6 14. Qg4 Nxe5
15. Qh4+ Kg7 16. dxe5 Bxe5 17. Qh7+ Kf6 18. Nxf7 Rxf7 19. Qh4+ Kxf5 20. Qxd8
Nf6 21. Re1 Rd7 22. Qf8 Bd4 23. g4+ Kxg4 24. Qh6 Be3 25. Rxe3 Kf5 26. Qh3+ Ng4
27. Qf3+ Kg5 28. Re4+ Kh4 29. Qxg4# 1-0

[Event "2. Online Aktivschach WM"]
[Site "Gruppe D / Chessgate"]
[Date "2006.02.14"]
[Round "6.4"]
[White "Mach IV, Fidelity"]
[Black "RISC 1MB, Mephisto"]
[Result "1-0"]
[WhiteElo "2177"]
[BlackElo "2246"]
[PlyCount "115"]

1. e4 e5 2. Nf3 Nc6 3. Bb5 a6 4. Ba4 Nf6 5. O-O Be7 6. Qe2 b5 7. Bb3 O-O 8. c3
d5 9. d3 Re8 10. Re1 Bb7 11. Nbd2 Qd7 12. Nf1 d4 13. Ng3 a5 14. a4 dxc3 15.
bxc3 b4 16. Ng5 Rf8 17. Qa2 Nd8 18. cxb4 Bxb4 19. Rd1 Ng4 20. h3 Nf6 21. Bb2
Nc6 22. Nf5 Rae8 23. Rab1 h6 24. Nf3 Bd6 25. Bc3 Bb4 26. Qb2 Bxc3 27. Qxc3 Ba6
28. Rb2 Bb7 29. Rdb1 Ba8 30. Bc4 Nh5 31. Bb5 Qe6 32. Rc1 Nb4 33. Qxc7 Nf4 34.
Bxe8 Rxe8 35. Nxe5 Qxe5 36. Qxe5 Rxe5 37. Rc8+ Kh7 38. Rxa8 Nfxd3 39. Rb1 Nf4
40. Ng3 Rc5 41. Ra7 Kg6 42. h4 Nc6 43. Rc7 Ne6 44. Rd7 Rc4 45. Rb6 Ne5 46. Rd5
Rc1+ 47. Nf1 Nc4 48. Rc6 Kh7 49. f3 g5 50. hxg5 hxg5 51. Rd7 Kg8 52. Rb7 Nf4
53. Rc8+ Kg7 54. Rbc7 Rc2 55. Rxc4 Rxg2+ 56. Kh1 Rf2 57. Nh2 Rd2 58. Ng4 1-0

[Event "2. Online Aktivschach WM"]
[Site "Gruppe D / Chessgate"]
[Date "2006.02.17"]
[Round "7.1"]
[White "Mythos, Mephisto"]
[Black "Mach IV, Fidelity"]
[Result "1/2-1/2"]
[WhiteElo "1950"]
[BlackElo "2177"]
[PlyCount "126"]

1. e4 c5 2. c3 d5 3. Bb5+ Bd7 4. Bxd7+ Qxd7 5. exd5 Qxd5 6. Qf3 Qe6+ 7. Ne2 Nc6
8. O-O Rd8 9. d4 cxd4 10. cxd4 Nf6 11. Nbc3 Nxd4 12. Nxd4 Rxd4 13. Qxb7 Qb6 14.
Qxb6 axb6 15. Be3 Rb4 16. b3 e6 17. Rfd1 Ng4 18. Bg5 f6 19. Bd2 Bc5 20. Be1 Rf4
21. Rd2 O-O 22. Rad1 g6 23. Na4 Bb4 24. Rc2 Re4 25. Bxb4 Rxb4 26. h3 Ne5 27.
Rd6 b5 28. Nc5 Rc8 29. Rxe6 Nd7 30. Na6 Rxc2 31. Nxb4 Rd2 32. Re7 h6 33. a4
bxa4 34. bxa4 Kf8 35. Rh7 h5 36. a5 Rd1+ 37. Kh2 Kg8 38. Re7 Kf8 39. Re6 Kf7
40. Rc6 Rd4 41. Nc2 Ra4 42. a6 Ke7 43. Ne3 Ra5 44. Kg3 Nb8 45. Rc7+ Kd8 46. Rg7
Rg5+ 47. Kh4 Nxa6 48. Rf7 Nc5 49. Rxf6 Re5 50. Rxg6 Ke7 51. g4 hxg4 52. hxg4
Ne6 53. g5 Re4+ 54. Kg3 Kf7 55. Rf6+ Ke8 56. g6 Ng7 57. Rf7 Nh5+ 58. Kf3 Re7
59. Kg4 Ng7 60. Rxe7+ Kxe7 61. f4 Kf6 62. f5 Nxf5 63. Nxf5 Kxg6 1/2-1/2

[Event "2. Online Aktivschach WM"]
[Site "Gruppe D / Chessgate"]
[Date "2006.02.20"]
[Round "7.2"]
[White "RISC 1MB, Mephisto"]
[Black "MM V, Mephisto"]
[Result "1-0"]
[WhiteElo "2246"]
[BlackElo "1943"]
[PlyCount "91"]

1. d4 Nf6 2. c4 e6 3. Nf3 Bb4+ 4. Bd2 Qe7 5. Qc2 d5 6. a3 Bxd2+ 7. Nbxd2 Nc6 8.
e3 Bd7 9. Bd3 O-O-O 10. b4 dxc4 11. Nxc4 a6 12. Rc1 Nd5 13. Nce5 h5 14. Nxd7
Rxd7 15. Bxa6 Ncxb4 16. Bxb7+ Kxb7 17. Rb1 Rb8 18. Ne5 Kc8 19. axb4 Nxb4 20.
Qh7 Rd5 21. O-O f6 22. Rxb4 fxe5 23. Rxb8+ Kxb8 24. dxe5 Rxe5 25. Rb1+ Kc8 26.
Qg8+ Kd7 27. Rd1+ Rd5 28. Rxd5+ exd5 29. Qxd5+ Qd6 30. Qxh5 Qd3 31. Qg4+ Kc6
32. h4 Qc3 33. Kh2 Qe5+ 34. Qf4 Qe6 35. Qa4+ Kb7 36. Qb4+ Kc6 37. Qc3+ Kb7 38.
Qxg7 Qf5 39. f3 Qh5 40. Qe7 Qh6 41. g4 Kc6 42. Kg3 Kb6 43. f4 c5 44. f5 Qh8 45.
f6 Qb8+ 46. Kf3 1-0

[Event "2. Online Aktivschach WM"]
[Site "Gruppe D / Chessgate"]
[Date "2006.02.22"]
[Round "7.3"]
[White "Star Ruby, Novag"]
[Black "R30 V2.5, TASC."]
[Result "0-1"]
[WhiteElo "2052"]
[BlackElo "2331"]
[PlyCount "106"]

1. c4 e5 2. Nc3 Nf6 3. Nf3 Nc6 4. g3 Bb4 5. Bg2 O-O 6. O-O e4 7. Ng5 Bxc3 8.
bxc3 Re8 9. Qc2 d5 10. cxd5 Qxd5 11. d3 Bf5 12. Qb2 b6 13. Bf4 h6 14. Nxe4 Nxe4
15. Bxc7 Qd7 16. dxe4 Bxe4 17. Bxe4 Rxe4 18. Bf4 Qe6 19. Rfe1 g5 20. Be3 Rc8
21. Red1 Ne5 22. Qa3 Nc4 23. Qxa7 Nxe3 24. fxe3 Rxe3 25. Qd7 Qxd7 26. Rxd7 Rxe2
27. Rd3 Rc6 28. a4 Kf8 29. a5 bxa5 30. Rxa5 Rb6 31. Ra1 Rbb2 32. h3 Rg2+ 33.
Kh1 Rh2+ 34. Kg1 Rxh3 35. Ra7 Rc2 36. Rf3 Kg8 37. Ra8+ Kg7 38. Ra7 Kg6 39. Ra6+
Kh5 40. Rd3 f5 41. Rf6 Kg4 42. Rd4+ Kxg3 43. Rd3+ Kg4 44. Rxh3 Kxh3 45. Rxf5
Rxc3 46. Kf2 Rg3 47. Rf6 h5 48. Rh6 h4 49. Rh7 g4 50. Ke2 Ra3 51. Rd7 g3 52.
Rd4 g2 53. Rd1 Kg3 0-1

[Event "2. Online Aktivschach WM"]
[Site "Gruppe D / Chessgate"]
[Date "2006.02.23"]
[Round "7.4"]
[White "Diablo 24 Mhz, Novag"]
[Black "Genius 68030, Mephisto"]
[Result "0-1"]
[WhiteElo "2073"]
[BlackElo "2401"]
[PlyCount "80"]

1. e4 e5 2. Nf3 Nc6 3. Bb5 a6 4. Ba4 Nf6 5. O-O Be7 6. Re1 b5 7. Bb3 d6 8. c3
O-O 9. h3 Bb7 10. d4 h6 11. Nbd2 Qd7 12. a4 exd4 13. cxd4 Na5 14. Bc2 Nc6 15.
axb5 axb5 16. Rxa8 Rxa8 17. Qe2 Nb4 18. Bb3 Na2 19. e5 Nd5 20. Ne4 Nxc1 21.
Rxc1 Nf4 22. Qe3 Nd5 23. Bxd5 Bxd5 24. Nc3 Bb7 25. Ne4 dxe5 26. Nxe5 Qd5 27. f3
c5 28. Nc3 Qxd4 29. Qxd4 cxd4 30. Nxb5 Bg5 31. Rc7 Be3+ 32. Kh1 Ra1+ 33. Kh2
Ba6 34. Ra7 Bf4+ 35. g3 Bxe5 36. f4 Bf6 37. Nc7 d3 38. Nxa6 d2 39. Rd7 d1=Q 40.
Rxd1 Rxd1 0-1

[Event "2. Online Aktivschach WM"]
[Site "Achtelfinale S1 / Chessgate"]
[Date "2006.02.26"]
[Round "1"]
[White "R30 V2.2, TASC."]
[Black "Sapphire II, Novag"]
[Result "1-0"]
[WhiteElo "2405"]
[BlackElo "2129"]
[PlyCount "79"]

1. e4 e5 2. Nf3 Nc6 3. Bc4 Bc5 4. d3 Nf6 5. Nc3 d6 6. Bg5 Na5 7. Bxf6 gxf6 8.
O-O Nxc4 9. dxc4 Rg8 10. Qd3 Bh3 11. Nh4 Bg4 12. Rfe1 c6 13. h3 Be6 14. Na4 Qa5
15. Nxc5 Qxc5 16. b3 Ke7 17. b4 Qb6 18. a3 a5 19. Rad1 Rad8 20. c3 axb4 21.
cxb4 Qa7 22. Rd2 b6 23. Red1 Qa6 24. Rc2 Kf8 25. f4 exf4 26. Qc3 Qa4 27. Rcd2
Ke7 28. Nf5+ Bxf5 29. exf5 Rge8 30. Re1+ Kf8 31. Rxe8+ Rxe8 32. Rxd6 h5 33. Qf3
Re1+ 34. Kh2 Qa7 35. Qxf4 Qc7 36. Qh6+ Kg8 37. Qxf6 Rd1 38. c5 bxc5 39. bxc5
Rxd6 40. Qxd6 1-0

[Event "2. Online Aktivschach WM"]
[Site "Achtelfinale S1 / Chessgate"]
[Date "2006.02.26"]
[Round "2"]
[White "Sapphire II, Novag"]
[Black "R30 V2.2, TASC."]
[Result "1/2-1/2"]
[WhiteElo "2129"]
[BlackElo "2407"]
[PlyCount "66"]

1. Nf3 d5 2. c4 c6 3. d4 Nf6 4. Nc3 dxc4 5. a4 Bf5 6. e3 e6 7. Bxc4 Bb4 8. O-O
O-O 9. Qe2 Nbd7 10. e4 Bg6 11. e5 Nd5 12. Bd2 Qa5 13. Nxd5 cxd5 14. Bxb4 Qxb4
15. Bd3 Nb6 16. Bxg6 fxg6 17. a5 Nc4 18. a6 b6 19. Rfc1 Qxb2 20. Qxb2 Nxb2 21.
Rc6 Rae8 22. Ng5 Nd3 23. Nxe6 Rxf2 24. Nc7 Ref8 25. Nxd5 Re2 26. Rc3 Rff2 27.
Rxd3 Rxg2+ 28. Kh1 Rxh2+ 29. Kg1 Rhg2+ 30. Kf1 Rgf2+ 31. Kg1 Rg2+ 32. Kf1 Rgf2+
33. Kg1 Rg2+ 1/2-1/2

[Event "2. Online Aktivschach WM"]
[Site "Achtelfinale S1 / Chessgate"]
[Date "2006.03.03"]
[Round "3"]
[White "R30 V2.2, TASC."]
[Black "Sapphire II, Novag"]
[Result "1-0"]
[WhiteElo "2405"]
[BlackElo "2129"]
[PlyCount "77"]

1. d4 d5 2. c4 dxc4 3. Nf3 Nf6 4. e3 Bg4 5. Bxc4 e6 6. h3 Bh5 7. Nc3 Nbd7 8.
O-O Bd6 9. e4 e5 10. Be2 O-O 11. dxe5 Nxe5 12. Nd4 Bxe2 13. Qxe2 Bc5 14. Nb3
Bb4 15. Bg5 Bxc3 16. bxc3 Qe7 17. f4 Ng6 18. e5 h6 19. Bxf6 gxf6 20. Qe3 Rfd8
21. Rae1 fxe5 22. f5 Nh8 23. f6 Qf8 24. Qxe5 Qd6 25. Qh5 Kh7 26. Re7 Rg8 27.
Qf3 Qb6+ 28. Rf2 Rad8 29. c4 Rg5 30. c5 Qb4 31. Rxc7 Rgd5 32. Rf1 Kg8 33. Qe3
Kh7 34. Rf4 Rd1+ 35. Kh2 Qb5 36. Qe4+ Ng6 37. Rxf7+ Kh8 38. Qxg6 Qf1 39. Rh7#
1-0

[Event "2. Online Aktivschach WM"]
[Site "Achtelfinale S2 / Chessgate"]
[Date "2006.02.25"]
[Round "1"]
[White "RISC 2500, Saitek"]
[Black "Sparc, Saitek"]
[Result "0-1"]
[WhiteElo "2249"]
[BlackElo "2174"]
[PlyCount "74"]

1. e4 c5 2. c3 e6 3. d4 d5 4. exd5 exd5 5. Nf3 Nc6 6. Bb5 Bd6 7. O-O Nge7 8.
dxc5 Bxc5 9. Nbd2 O-O 10. Nb3 Bd6 11. Nbd4 Bg4 12. Qa4 Bh5 13. Bd3 h6 14. Be3
a6 15. Nxc6 bxc6 16. Nh4 Qb8 17. Rfb1 Bxh2+ 18. Kh1 Bd6 19. g4 Bg6 20. Nxg6
fxg6 21. Bxa6 h5 22. c4 hxg4 23. cxd5 cxd5 24. Qb5 g3 25. Bb7 gxf2 26. Kg2 Rf7
27. Bxf2 Nf5 28. Ba6 Qd8 29. Kf1 Ng3+ 30. Ke1 Qe8+ 31. Qxe8+ Rxe8+ 32. Kd1 Rxf2
33. Rc1 Bb4 34. Rc8 Rd2+ 35. Kc1 Rxc8+ 36. Bxc8 Ne2+ 37. Kb1 Rd1+ 0-1

[Event "2. Online Aktivschach WM"]
[Site "Achtelfinale S2 / Chessgate"]
[Date "2006.02.25"]
[Round "2"]
[White "Sparc, Saitek"]
[Black "RISC 2500, Saitek"]
[Result "1/2-1/2"]
[WhiteElo "2174"]
[BlackElo "2249"]
[PlyCount "210"]

1. d4 d5 2. c4 dxc4 3. Nf3 Nf6 4. Nc3 c6 5. a4 Bf5 6. e3 e6 7. Bxc4 Bb4 8. O-O
O-O 9. Nh4 Bg4 10. Qb3 a5 11. f3 Bh5 12. Na2 Nd5 13. Nxb4 axb4 14. g3 b5 15.
Bxd5 cxd5 16. Bd2 bxa4 17. Qxb4 Qd7 18. g4 Nc6 19. Qc5 Bg6 20. Rfc1 Rfc8 21.
Qa3 e5 22. Nxg6 fxg6 23. Qd3 Rab8 24. Kh1 Qf7 25. f4 exf4 26. exf4 Rb3 27. Qc2
Qb7 28. Rxa4 Rxb2 29. Qd1 Qd7 30. Rc3 Rcb8 31. Bc1 R2b6 32. Rca3 Re8 33. Ra8
Rbb8 34. Rxb8 Rxb8 35. Be3 Qe6 36. Qf3 Qf7 37. Ra1 Qd7 38. Bf2 Rb4 39. Ra8+ Kf7
40. f5 Rb1+ 41. Bg1 gxf5 42. gxf5 Rb8 43. Rxb8 Nxb8 44. Qh5+ Kg8 45. Qe2 Nc6
46. h3 Qe7 47. Qb5 Nb4 48. Qb8+ Kf7 49. Qe5 Qd7 50. Qf4 Nc6 51. Qg4 Ne7 52.
Qh5+ Kg8 53. f6 gxf6 54. Qg4+ Qxg4 55. hxg4 f5 56. Kg2 fxg4 57. Kg3 Kf7 58.
Kxg4 Kg6 59. Kf4 Nc6 60. Bf2 Kf6 61. Kg4 Ne7 62. Bh4+ Kf7 63. Kg5 Kg7 64. Bg3
h6+ 65. Kh5 Ng8 66. Kg4 Kg6 67. Kf4 Kf6 68. Kg4 Ne7 69. Bh4+ Kf7 70. Kh5 Nf5
71. Bf2 Kg7 72. Bg1 Ng3+ 73. Kg4 Ne2 74. Be3 Kg6 75. Kf3 Nc3 76. Kf4 h5 77. Bf2
Ne4 78. Be1 Ng5 79. Bg3 Nf7 80. Bh4 Nd6 81. Ke5 Nf5 82. Bf2 Ne7 83. Ke6 Ng8 84.
Kxd5 Nf6+ 85. Ke6 Ng4 86. Be1 Nh6 87. d5 Nf5 88. Bd2 Nd4+ 89. Ke7 h4 90. d6 Kf5
91. d7 h3 92. Kd6 Ne6 93. Bf4 Kf6 94. Bg3 Kf7 95. Be5 Nd8 96. Kc7 Ne6+ 97. Kc8
Kf8 98. Bh2 Ke7 99. Bg3 Kf7 100. Bb8 Kf8 101. Be5 Ke7 102. Bc7 Kf8 103. Bd6+
Kf7 104. Bg3 Ke7 105. Bh2 Nd8 1/2-1/2

[Event "2. Online Aktivschach WM"]
[Site "Achtelfinale S2 / Chessgate"]
[Date "2006.02.26"]
[Round "3"]
[White "RISC 2500, Saitek"]
[Black "Sparc, Saitek"]
[Result "0-1"]
[WhiteElo "2249"]
[BlackElo "2174"]
[PlyCount "166"]

1. d4 Nf6 2. c4 e6 3. Nf3 b6 4. g3 Bb7 5. Bg2 Be7 6. Nc3 Ne4 7. Bd2 Nxc3 8.
Bxc3 Be4 9. d5 Bf6 10. Qb3 Na6 11. dxe6 fxe6 12. O-O Nc5 13. Qa3 a5 14. Rad1
Bxc3 15. Qxc3 O-O 16. a3 Qe7 17. b4 axb4 18. axb4 Na6 19. Ne5 Bxg2 20. Rxd7
Qxb4 21. Qxb4 Nxb4 22. Kxg2 Ra5 23. f4 Ra2 24. Rxc7 Rxe2+ 25. Kg1 Nc2 26. Nd7
Rd8 27. Rd1 Kh8 28. Rb1 Rd2 29. Nxb6 Nd4 30. Rf1 Ra2 31. Rf2 Ne2+ 32. Kg2 Kg8
33. Nd7 Rda8 34. Ne5 h6 35. c5 Rc2 36. Nd3 Kf8 37. Kf3 Nd4+ 38. Ke4 Ne2 39. c6
Rc4+ 40. Ke3 Nc3 41. Kf3 Nb5 42. Rb7 Nd4+ 43. Kg2 Nxc6 44. Rc7 Kg8 45. Nb2 Rc5
46. Rd2 Ra7 47. Rxa7 Nxa7 48. Nd3 Rd5 49. Kf3 g5 50. Ke4 Nb5 51. Ke3 Nd6 52.
Ke2 Nc4 53. Rc2 Rd4 54. Rc3 gxf4 55. gxf4 Nb6 56. Ke3 Ra4 57. Kf3 Nd5 58. Rb3
Kg7 59. h4 h5 60. Rb7+ Kf6 61. Rh7 Rd4 62. Ke2 Kg6 63. Rh8 Nxf4+ 64. Ke3 Rxd3+
65. Kxf4 Rh3 66. Ke5 Rxh4 67. Kxe6 Re4+ 68. Kd5 Re7 69. Kd4 Kg5 70. Rg8+ Kf4
71. Rf8+ Kg3 72. Rg8+ Kh3 73. Rg1 h4 74. Rc1 Kg4 75. Rg1+ Kf4 76. Rf1+ Kg3 77.
Rg1+ Kh2 78. Rf1 h3 79. Rc1 Kg2 80. Rc2+ Kg1 81. Rc1+ Kf2 82. Rc2+ Re2 83. Rc6
h2 0-1

[Event "2. Online Aktivschach WM"]
[Site "Achtelfinale S3 / Chessgate"]
[Date "2006.02.26"]
[Round "1"]
[White "Resurrection Deep Sjeng, Phoenix Chess"]
[Black "Berlin Pro London, Mephisto"]
[Result "1-0"]
[WhiteElo "2250"]
[BlackElo "2314"]
[PlyCount "135"]

1. d4 e6 2. e4 d5 3. Nc3 Nf6 4. Bg5 Be7 5. e5 Nfd7 6. Bxe7 Qxe7 7. f4 O-O 8.
Nf3 c5 9. dxc5 Qxc5 10. Qd2 Nb6 11. O-O-O Nc6 12. Bb5 Nc4 13. Bxc4 Qxc4 14. Kb1
b5 15. Qd3 Qxd3 16. cxd3 Ba6 17. Rhe1 Rfc8 18. Ne2 b4 19. Ned4 Ne7 20. h3 h6
21. g4 Ng6 22. Ne2 Kf8 23. f5 exf5 24. gxf5 Ne7 25. Ned4 Rab8 26. e6 b3 27.
Nxb3 Nxf5 28. Ne5 Rxb3 29. axb3 fxe6 30. Rc1 Rxc1+ 31. Rxc1 Bb5 32. Rc7 a6 33.
Kc2 g5 34. Kc3 d4+ 35. Kb4 Ke8 36. Rh7 Kf8 37. Kc5 Kg8 38. Rb7 Kf8 39. b4 Ke8
40. Rh7 Kf8 41. b3 Ke8 42. Rb7 Kf8 43. Rb6 Ke7 44. Nc6+ Kf6 45. Nd8 Bxd3 46.
Rxe6+ Kg7 47. Re1 Kg6 48. Nc6 Kf6 49. Nxd4 Nxd4 50. Kxd4 Bf5 51. Re3 Kg6 52.
Rc3 Kh5 53. Ke5 Bd7 54. Kd6 Bf5 55. Rf3 Be4 56. Rf6 Bg2 57. Ke5 Bxh3 58. Rxa6
Bf1 59. Rb6 Bd3 60. b5 Be2 61. Rb7 g4 62. b6 Bf3 63. Rg7 Kh4 64. Kf4 h5 65. b7
Bxb7 66. Rxb7 Kh3 67. Rg7 Kg2 68. b4 1-0

[Event "2. Online Aktivschach WM"]
[Site "Achtelfinale S3 / Chessgate"]
[Date "2006.02.27"]
[Round "2"]
[White "Berlin Pro London, Mephisto"]
[Black "Resurrection Deep Sjeng, Phoenix Chess"]
[Result "0-1"]
[WhiteElo "2314"]
[BlackElo "2250"]
[PlyCount "116"]

1. e4 c6 2. d4 d5 3. Nc3 dxe4 4. Nxe4 Bf5 5. Ng3 Bg6 6. Nf3 Nd7 7. h4 h6 8. h5
Bh7 9. Bd3 Bxd3 10. Qxd3 e6 11. Bd2 Ngf6 12. O-O-O Qc7 13. Qe2 O-O-O 14. Ne5
Nb6 15. Ba5 Rd5 16. b4 c5 17. Bxb6 axb6 18. Qc4 Bd6 19. f4 b5 20. Qc3 cxd4 21.
Qxc7+ Bxc7 22. Nd3 Ng4 23. Ne4 Ne3 24. Rd2 Rhd8 25. g3 Kb8 26. Kb1 Bb6 27. Re2
Re8 28. Ne5 f6 29. Ng6 Rdd8 30. Rd2 e5 31. fxe5 fxe5 32. Rf2 Rd7 33. Re1 Kc7
34. Nf8 Rdd8 35. Rf7+ Kc6 36. Ng6 Rd7 37. Rxd7 Kxd7 38. Kb2 Kc6 39. Kb3 Kd5 40.
Nd2 e4 41. Nf4+ Kc6 42. Re2 Kd6 43. Ng6 Re6 44. Nf4 Re5 45. Ng6 Rxh5 46. Nxe4+
Kc6 47. a3 Rh1 48. Ne7+ Kd7 49. Ng6 Nc4 50. Ka2 Rf1 51. Nd2 Nxd2 52. Rxd2 Kd6
53. Kb2 Rf3 54. Nh4 Rf6 55. Rd3 Kd5 56. Nf3 Rc6 57. Nxd4 Bxd4+ 58. Kc1 Ke4 0-1

[Event "2. Online Aktivschach WM"]
[Site "Achtelfinale S3 / Chessgate"]
[Date "2006.03.01"]
[Round "3"]
[White "Resurrection Deep Sjeng, Phoenix Chess"]
[Black "Berlin Pro London, Mephisto"]
[Result "1-0"]
[WhiteElo "2250"]
[BlackElo "2314"]
[PlyCount "61"]

1. d4 d5 2. c4 dxc4 3. e3 Nf6 4. Nf3 e6 5. Bxc4 c5 6. O-O a6 7. Qe2 Nc6 8. a4
Qc7 9. Bd2 cxd4 10. exd4 Be7 11. Nc3 O-O 12. d5 Nd8 13. Rfc1 Bc5 14. Bg5 Ng4
15. Ne4 Bd6 16. dxe6 Bxh2+ 17. Kh1 fxe6 18. Bxd8 Qxd8 19. Nxh2 Ne5 20. Rc3 Nxc4
21. Rd1 Nd2 22. Rxd2 Qb6 23. Nd6 Kh8 24. Rf3 Rf6 25. Rxf6 gxf6 26. Qg4 Qxd6 27.
Rxd6 Bd7 28. Rxd7 Rg8 29. Qh4 Rg7 30. Rd8+ Rg8 31. Qxf6# 1-0

[Event "2. Online Aktivschach WM"]
[Site "Achtelfinale S4 / Chessgate"]
[Date "2006.02.27"]
[Round "1"]
[White "Milano Pro, Mephisto"]
[Black "Resurrection Ruffian, Phoenix Chess"]
[Result "0-1"]
[WhiteElo "2124"]
[BlackElo "2400"]
[PlyCount "178"]

1. e4 e6 2. d4 d5 3. Nd2 Nc6 4. Ngf3 Nf6 5. e5 Nd7 6. Nb3 a5 7. Bb5 a4 8. Nbd2
a3 9. O-O axb2 10. Bxb2 Be7 11. c3 O-O 12. Qc2 Na7 13. Bd3 g6 14. Rfd1 c5 15.
a4 b6 16. Re1 Bb7 17. Rad1 Nc6 18. Bb5 cxd4 19. cxd4 Rc8 20. Qb3 g5 21. Re3 Na5
22. Qd3 Bc6 23. Rc1 Bxb5 24. axb5 Rxc1+ 25. Bxc1 g4 26. Ne1 Qc7 27. Ba3 Bxa3
28. Qxa3 Rc8 29. Qe7 Qd8 30. Qxd8+ Rxd8 31. Rc3 f6 32. exf6 Nxf6 33. f3 Ne8 34.
Nc2 gxf3 35. Nxf3 Nd6 36. Re3 Re8 37. Na3 Nac4 38. Nxc4 dxc4 39. Rc3 Ra8 40. h3
Ra1+ 41. Kh2 Rd1 42. Ng5 Rd3 43. Rc2 c3 44. Nxe6 Nxb5 45. Rf2 h5 46. Rf8+ Kh7
47. Nf4 Rd2 48. Nxh5 c2 49. Rc8 Nxd4 50. Nf6+ Kg6 51. Nd5 Rd1 52. Nf4+ Kf5 53.
Ne2 Nxe2 54. Rxc2 Nd4 55. Rc8 Rd2 56. Rf8+ Kg6 57. Rb8 b5 58. Kg3 Kf5 59. Rg8
b4 60. Kh4 b3 61. Rf8+ Ke4 62. g4 b2 63. Re8+ Kd3 64. Rb8 Kc4 65. Rxb2 Rxb2 66.
Kg3 Rb3+ 67. Kg2 Nf3 68. Kg3 Ng1+ 69. Kh4 Rxh3+ 70. Kg5 Nf3+ 71. Kf6 Kd4 72. g5
Rg3 73. g6 Ne5 74. g7 Ke4 75. g8=R Rxg8 76. Ke7 Rg6 77. Kd8 Rc6 78. Ke7 Kd5 79.
Ke8 Rg6 80. Ke7 Kc6 81. Ke8 Kd6 82. Kf8 Kd5 83. Ke7 Re6+ 84. Kf8 Rf6+ 85. Kg7
Rg6+ 86. Kh7 Kd6 87. Kh8 Ke6 88. Kh7 Kf7 89. Kh8 Rh6# 0-1

[Event "2. Online Aktivschach WM"]
[Site "Achtelfinale S4 / Chessgate"]
[Date "2006.03.01"]
[Round "2"]
[White "Resurrection Ruffian, Phoenix Chess"]
[Black "Milano Pro, Mephisto"]
[Result "1/2-1/2"]
[WhiteElo "2400"]
[BlackElo "2124"]
[PlyCount "100"]

1. e4 e5 2. Nf3 f6 3. Bc4 Ne7 4. d4 exd4 5. Nxd4 Nbc6 6. O-O Nxd4 7. Qxd4 Nc6
8. Qc3 Bd6 9. Rd1 Qe7 10. Qh3 Qxe4 11. Bd5 Qxc2 12. Nc3 Bc5 13. Qg3 Ne5 14. Be4
Qxf2+ 15. Qxf2 Bxf2+ 16. Kxf2 c6 17. Rd6 Ke7 18. Rd4 d5 19. Bc2 h5 20. Bf4 g5
21. Bd2 Ng4+ 22. Kg1 Ke6 23. Rf1 Rd8 24. Bg6 c5 25. Ra4 Bd7 26. Bxh5 Ne5 27.
Bg4+ Nxg4 28. Rxg4 Bc6 29. Ne2 Rac8 30. Ng3 Bb5 31. Rf3 b6 32. h4 gxh4 33. Nh5
Rf8 34. Rxh4 Rf7 35. Nf4+ Kd6 36. Rh6 Rc6 37. Nh5 Ke5 38. Re3+ Kd6 39. Nxf6 d4
40. Rf3 Ke7 41. Bg5 Rg7 42. Bh4 Kf7 43. b3 Rg6 44. Rh7+ Ke6 45. Rxa7 Be2 46.
Rf2 Bd1 47. Nd7 Kd5 48. Nf6+ Ke6 49. Rf1 Be2 50. Rf2 Bd1 1/2-1/2